000 00262nam a2200109Ia 4500
008 220204s9999 xx 000 0 und d
082 _a294.527
_bHIT
100 _aLittlemam, Richard L
245 0 _aBe young with yoga
260 _aUSA
_bWerner
_c1962
942 _cBK
999 _c29994
_d29994